[Event "Baku op"]
[Site "Baku"]
[Date "2024.07.07"]
[Round "9"]
[White "Davidov, Samir"]
[Black "Soham, Kamotra"]
[Result "0-1"]
[WhiteElo "2244"]
[BlackElo "2388"]
[PlyCount "66"]
[EventDate "2024.06.29"]
[EventType "swiss"]
[EventRounds "9"]
[EventCountry "AZE"]
[SourceTitle "CBM 221 Extra"]
[Source "ChessBase"]
[SourceDate "2024.09.30"]
[SourceVersion "1"]
[SourceVersionDate "2024.09.30"]
[SourceQuality "1"]

1. d4 Nf6 2. Bf4 e6 3. e3 c5 4. c3 d5 5. Nf3 Nc6 6. Nbd2 cxd4 7. exd4 Nh5 8. Bg5 f6 9. Bh4 Bd6 10. Ne5 Nf4 11. Nd3 Ng6 12. Qh5 0-0 13. Be2 Nxh4 14. Qxh4 Ne7 15. f4 Qc7 16. 0-0 Bd7 17. Bg4 Rae8 18. Qh3 Nf5 19. Rae1 g6 20. Qf3 Kh8 21. Nb3 b6 22. Qd1 a5 23. Bf3 a4 24. Nbc1 a3 25. Rf2 axb2 26. Rxb2 Qxc3 27. Ne2 Qa5 28. Qb1 Rb8 29. Rc1 Ba3 30. Rc7 Bxb2 31. Qxb2 Bb5 32. Nb4 Rbc8 33. Rb7 Bc6 0-1

[Event "AZE-ch 74th"]
[Site "Baku"]
[Date "2019.01.20"]
[Round "5"]
[White "Abbasov, Amil Habil Oglu"]
[Black "Davidov, Samir"]
[Result "0-1"]
[WhiteElo "2190"]
[BlackElo "2344"]
[PlyCount "48"]
[EventDate "2019.01.16"]
[EventType "swiss"]
[EventRounds "9"]
[EventCountry "AZE"]
[SourceTitle "CBM 188 Extra"]
[Source "ChessBase"]
[SourceDate "2019.02.28"]
[SourceVersion "1"]
[SourceVersionDate "2019.02.28"]
[SourceQuality "1"]

1. e4 d6 2. d4 Nf6 3. Nc3 Nbd7 4. Nf3 e5 5. Bc4 h6 6. 0-0 c6 7. a4 Be7 8. h3 g5 9. dxe5 dxe5 10. Nh2 Qc7 11. Be3 Nf8 12. Ng4 Bxg4 13. hxg4 Ng6 14. g3 Qc8 15. Be2 Qe6 16. Bf3 Rg8 17. Nb1 Nf4 18. Nd2 h5 19. gxh5 Qh3 20. Re1 N6xh5 21. Nf1 g4 22. Bh1 Rh8 23. gxf4 Nxf4 24. Ng3 Qh2+ 0-1

[Event "AZE-ch 74th"]
[Site "Baku"]
[Date "2019.01.17"]
[Round "2"]
[White "Davidov, Samir"]
[Black "Allahverdiyeva, Ayan"]
[Result "1-0"]
[WhiteElo "2344"]
[BlackElo "1975"]
[PlyCount "47"]
[EventDate "2019.01.16"]
[EventType "swiss"]
[EventRounds "9"]
[EventCountry "AZE"]
[SourceTitle "CBM 188 Extra"]
[Source "ChessBase"]
[SourceDate "2019.02.28"]
[SourceVersion "1"]
[SourceVersionDate "2019.02.28"]
[SourceQuality "1"]

1. e4 c5 2. Nc3 Nc6 3. g3 g6 4. d3 Bg7 5. Bg2 d6 6. Be3 e5 7. f4 Nd4 8. Nd5 Ne7 9. Nxe7 Qxe7 10. c3 exf4 11. Bxf4 Ne6 12. Be3 d5 13. exd5 Nf4 14. Qa4+ Kd8 15. Qxf4 Re8 16. Kd2 Be5 17. Qf2 b6 18. Nf3 Bf6 19. Rhe1 Ba6 20. Bf4 Qd7 21. Ne5 Qf5 22. g4 Qc8 23. Nc6+ Kd7 24. g5 1-0

[Event "AZE-ch 74th"]
[Site "Baku"]
[Date "2019.01.16"]
[Round "1"]
[White "Ahadzade, Kanan"]
[Black "Davidov, Samir"]
[Result "1/2-1/2"]
[WhiteElo "2019"]
[BlackElo "2344"]
[PlyCount "110"]
[EventDate "2019.01.16"]
[EventType "swiss"]
[EventRounds "9"]
[EventCountry "AZE"]
[SourceTitle "CBM 188 Extra"]
[Source "ChessBase"]
[SourceDate "2019.02.28"]
[SourceVersion "1"]
[SourceVersionDate "2019.02.28"]
[SourceQuality "1"]

1. e4 d6 2. d4 Nf6 3. Bd3 Nbd7 4. Nf3 e5 5. c3 h6 6. Nbd2 c6 7. 0-0 Qc7 8. Nc4 Be7 9. Ne3 g6 10. Bc2 Nh5 11. dxe5 dxe5 12. Ng4 Bf8 13. b3 Nhf6 14. Nfxe5 Bg7 15. Nxf6+ Bxf6 16. Nxd7 Bxc3 17. Be3 Qxd7 18. Qxd7+ Bxd7 19. Rad1 b6 20. Bd3 Ke7 21. Bc4 f6 22. Ba6 Rab8 23. Rd3 Be5 24. f4 Bc7 25. Bd4 Rhd8 26. b4 Be6 27. a4 Bd6 28. f5 gxf5 29. exf5 Bd5 30. Re3+ Kf7 31. Be2 Kg7 32. Rh3 Rd7 33. Rh4 Re8 34. Bf3 Be5 35. Bxe5 Rxe5 36. Rg4+ Kf7 37. Bd1 Kf8 38. Rd4 Ke7 39. Rh4 Kd8 40. Bf3 Bxf3 41. Rxf3 Rd1+ 42. Kf2 Rd2+ 43. Kf1 a5 44. bxa5 Rxa5 45. Rff4 Rc5 46. Rd4+ Rxd4 47. Rxd4+ Kc7 48. g4 Rc1+ 49. Kg2 c5 50. Re4 c4 51. Re7+ Kd6 52. Re6+ Kd7 53. Rxf6 c3 54. Rf7+ Kd6 55. Rf8 Kd7 1/2-1/2

[Event "Baku op"]
[Site "Baku"]
[Date "2018.12.02"]
[Round "9"]
[White "Gasanov, Eldar"]
[Black "Davidov, Samir"]
[Result "0-1"]
[WhiteElo "2502"]
[BlackElo "2314"]
[PlyCount "90"]
[EventDate "2018.11.24"]
[EventType "swiss"]
[EventRounds "9"]
[EventCountry "AZE"]
[SourceTitle "CBM 187 Extra"]
[Source "ChessBase"]
[SourceDate "2018.11.04"]
[SourceVersion "1"]
[SourceVersionDate "2018.11.04"]
[SourceQuality "1"]

1. d4 d6 2. Nf3 Nd7 3. c4 e5 4. Nc3 c6 5. e4 Ngf6 6. g3 h6 7. Bg2 g5 8. 0-0 Qc7 9. Rb1 a5 10. b3 b6 11. Re1 Be7 12. Be3 Bb7 13. Qc2 Rg8 14. a3 Nh7 15. b4 g4 16. Nd2 Ng5 17. d5 h5 18. dxc6 Bxc6 19. Nd5 Bxd5 20. exd5 Nh3+ 21. Kh1 axb4 22. axb4 h4 23. Ra1 Rc8 24. Qf5 Bg5 25. f4 Be7 26. Bxh3 gxh3 27. g4 Qb7 28. Rec1 Nf6 29. g5 Qd7 30. Qxd7+ Nxd7 31. Ne4 f5 32. gxf6 Nxf6 33. Nxf6+ Bxf6 34. Bxb6 exf4 35. Ra7 Rg2 36. Re1+ Kf8 37. Bc7 f3 38. Bxd6+ Kg8 39. Bc5 f2 40. Bxf2 Rxf2 41. d6 Be5 42. Ra3 Rxh2+ 43. Kg1 Bxd6 44. c5 Bg3 45. Rc1 Rf8 0-1

[Event "Baku CC op 1st"]
[Site "Baku"]
[Date "2018.10.24"]
[Round "5"]
[White "Davidov, Samir"]
[Black "Guliev, Logman"]
[Result "1-0"]
[WhiteElo "2284"]
[BlackElo "2327"]
[PlyCount "81"]
[EventDate "2018.10.20"]
[EventType "swiss"]
[EventRounds "9"]
[EventCountry "AZE"]
[SourceTitle "CBM 187 Extra"]
[Source "ChessBase"]
[SourceDate "2018.11.04"]
[SourceVersion "1"]
[SourceVersionDate "2018.11.04"]
[SourceQuality "1"]

1. e4 c5 2. Nc3 Nc6 3. g3 g6 4. Bg2 Bg7 5. d3 d6 6. Be3 Qa5 7. Nge2 Nd4 8. 0-0 e6 9. f4 Ne7 10. g4 f5 11. h3 0-0 12. Ng3 Bd7 13. Nce2 Bc6 14. c3 Nxe2+ 15. Qxe2 d5 16. gxf5 exf5 17. e5 d4 18. cxd4 cxd4 19. Bxd4 Nd5 20. Qc2 Rfd8 21. Qc5 Qa6 22. Qc4 b5 23. Qb3 Kh8 24. Rac1 Bb7 25. Rc5 Nxf4 26. Rxf4 Bxg2 27. Kxg2 Qb7+ 28. Kf2 g5 29. Qxb5 Qxb5 30. Rxb5 gxf4 31. Nxf5 a6 32. Rb7 Rxd4 33. Nxd4 Bxe5 34. Nc6 Bf6 35. b4 Bc3 36. a3 Rc8 37. Rb8 Rxb8 38. Nxb8 a5 39. bxa5 Bxa5 40. Nc6 Bc7 41. a4 1-0

[Event "EU Maccabi Games 12th"]
[Site "Rome"]
[Date "2007.07.10"]
[Round "6"]
[White "Szuhanek, Ranko"]
[Black "Davidov, Samir"]
[Result "1-0"]
[WhiteElo "2475"]
[BlackElo "2326"]
[PlyCount "75"]
[EventDate "2007.07.05"]
[EventType "swiss"]
[EventRounds "7"]
[EventCountry "ITA"]
[SourceTitle "CBM 119 Extra"]
[Source "ChessBase"]
[SourceDate "2007.09.04"]
[SourceVersion "1"]
[SourceVersionDate "2007.09.04"]
[SourceQuality "1"]

1. Nf3 d5 2. d4 Nf6 3. c4 c6 4. e3 e6 5. Nbd2 a6 6. Bd3 dxc4 7. Nxc4 b5 8. Nce5 h6 9. Qc2 Bb7 10. Bd2 Be7 11. b4 0-0 12. 0-0 Nfd7 13. Be4 Qb6 14. Rac1 f5 15. Bd3 Nf6 16. Qb3 Nd5 17. e4 fxe4 18. Bxe4 Bd6 19. Bb1 Bxe5 20. dxe5 Nd7 21. Qd3 Rf5 22. g4 Rxf3 23. Qxf3 Qd4 24. Qd3 Nxe5 25. Qxd4 Nf3+ 26. Kh1 Nxd4 27. f3 Rf8 28. Be4 Nf6 29. Be3 Nxe4 30. Bxd4 Nd2 31. Bc5 Rf7 32. Rfd1 Nxf3 33. Rd8+ Kh7 34. Rf1 Kg6 35. Rd3 Ne5 36. Rxf7 Kxf7 37. Rd8 a5 38. Rb8 1-0

[Event "Baku President's Cup 2nd"]
[Site "Baku"]
[Date "2007.05.10"]
[Round "8"]
[White "Mammadova, Gulnar Marfat Qizi"]
[Black "Davidov, Samir"]
[Result "1-0"]
[WhiteElo "2201"]
[BlackElo "2326"]
[PlyCount "93"]
[EventDate "2007.05.03"]
[EventType "swiss"]
[EventRounds "9"]
[EventCountry "AZE"]
[SourceTitle "CBM 118 Extra"]
[Source "ChessBase"]
[SourceDate "2007.07.04"]
[SourceVersion "1"]
[SourceVersionDate "2007.07.04"]
[SourceQuality "1"]

1. e4 e5 2. Nf3 Nc6 3. Bc4 Nf6 4. d3 Be7 5. 0-0 0-0 6. c3 d5 7. exd5 Nxd5 8. h3 Bf5 9. Re1 Bf6 10. Na3 a6 11. Bb3 Nf4 12. Bxf4 exf4 13. d4 b5 14. Nd2 b4 15. Nac4 bxc3 16. bxc3 g5 17. Ne4 Bg7 18. Qf3 h6 19. Rad1 Ne7 20. Ne5 Ng6 21. Nxg6 Bxg6 22. Nc5 Qd6 23. Re2 Kh7 24. Rde1 Bf5 25. Bxf7 c6 26. Bc4 Qg6 27. Bd3 Bxd3 28. Qxd3 Qxd3 29. Nxd3 f3 30. Re7 fxg2 31. Kxg2 Kg8 32. R1e6 Rac8 33. Ne5 Bf6 34. Ra7 Bxe5 35. Rg6+ Kh8 36. Rxh6+ Kg8 37. Rg6+ Kh8 38. dxe5 Rf5 39. e6 Rcf8 40. e7 Rxf2+ 41. Kg3 R2f3+ 42. Kg4 R3f4+ 43. Kh5 Re8 44. Kxg5 Rf3 45. Rd7 Kh7 46. Rf6 Re3 47. Rxc6 1-0

[Event "Baku President's Cup 2nd"]
[Site "Baku"]
[Date "2007.05.08"]
[Round "6"]
[White "Javadov, Ramil Javan Oglu"]
[Black "Davidov, Samir"]
[Result "0-1"]
[WhiteElo "2188"]
[BlackElo "2326"]
[PlyCount "64"]
[EventDate "2007.05.03"]
[EventType "swiss"]
[EventRounds "9"]
[EventCountry "AZE"]
[SourceTitle "CBM 118 Extra"]
[Source "ChessBase"]
[SourceDate "2007.07.04"]
[SourceVersion "1"]
[SourceVersionDate "2007.07.04"]
[SourceQuality "1"]

1. d4 d5 2. Nf3 Nf6 3. e3 e6 4. Bd3 c5 5. c3 Nc6 6. Nbd2 Be7 7. 0-0 0-0 8. Qe2 Qc7 9. dxc5 Bxc5 10. e4 dxe4 11. Nxe4 Nxe4 12. Qxe4 f5 13. Qc4 Bd6 14. Re1 Kh8 15. Qh4 Ne5 16. Nxe5 Bxe5 17. Bg5 h6 18. h3 Kg8 19. Be7 Re8 20. Ba3 Bd7 21. Qc4 Bc6 22. Qc5 Bh2+ 23. Kh1 Rad8 24. Bc4 b6 25. Qb4 Rd2 26. Re2 a5 27. Qb3 a4 28. Qb4 Bd6 29. Rxe6 Bxg2+ 30. Kxg2 Qb7+ 31. Re4+ Kh8 32. Kg1 Qxe4 0-1

[Event "Baku President's Cup 2nd"]
[Site "Baku"]
[Date "2007.05.04"]
[Round "2"]
[White "Gelashvili, Tamaz"]
[Black "Davidov, Samir"]
[Result "1-0"]
[WhiteElo "2605"]
[BlackElo "2326"]
[PlyCount "109"]
[EventDate "2007.05.03"]
[EventType "swiss"]
[EventRounds "9"]
[EventCountry "AZE"]
[SourceTitle "CBM 118 Extra"]
[Source "ChessBase"]
[SourceDate "2007.07.04"]
[SourceVersion "1"]
[SourceVersionDate "2007.07.04"]
[SourceQuality "1"]

1. Nf3 d5 2. e3 Nf6 3. b3 c5 4. Bb2 Nc6 5. Bb5 Bg4 6. h3 Bh5 7. g4 Bg6 8. d3 Qa5+ 9. Nc3 Nd7 10. Qd2 a6 11. Bxc6 bxc6 12. Nh4 e5 13. f4 Be7 14. Nxg6 hxg6 15. 0-0-0 d4 16. Na4 Qxd2+ 17. Kxd2 0-0-0 18. Ke2 Rde8 19. fxe5 Nxe5 20. exd4 cxd4 21. Bxd4 Bg5 22. Kf2 f5 23. gxf5 Bh4+ 24. Kg2 Rh5 25. Rhf1 Rg5+ 26. Kh1 gxf5 27. Nc3 Bg3 28. Bxe5 Rxe5 29. Rf3 Bh4 30. d4 Re8 31. d5 Bg3 32. dxc6 f4 33. b4 Rge5 34. Kg2 R5e6 35. Rfd3 Bh4 36. Nd5 Rxc6 37. c4 Re2+ 38. Kf3 Rf2+ 39. Kg4 Bd8 40. c5 Rg6+ 41. Kf5 Rg5+ 42. Ke4 Re2+ 43. Kxf4 Rg6 44. Kf5 Rg5+ 45. Kf4 Rg6 46. a4 Re8 47. b5 Rge6 48. Rd4 Rf8+ 49. Kg3 Bf6 50. Nb6+ Rxb6 51. cxb6 Bxd4 52. Rxd4 axb5 53. a5 Kb7 54. Rd7+ Kc6 55. Rc7+ 1-0

[Event "Baku President's Cup 1st"]
[Site "Baku"]
[Date "2006.05.07"]
[Round "4"]
[White "Gasanov, Eldar"]
[Black "Davidov, Samir"]
[Result "1/2-1/2"]
[WhiteElo "2432"]
[BlackElo "2216"]
[PlyCount "93"]
[EventDate "2006.05.03"]
[EventType "swiss"]
[EventRounds "9"]
[EventCountry "AZE"]
[SourceTitle "CBM 112 Extra"]
[Source "ChessBase"]
[SourceDate "2006.07.14"]
[SourceVersion "1"]
[SourceVersionDate "2006.07.14"]
[SourceQuality "1"]

1. d4 d5 2. c4 c6 3. Nc3 Nf6 4. Nf3 a6 5. e3 e6 6. b3 Ne4 7. Nxe4 dxe4 8. Nd2 f5 9. c5 Nd7 10. Nc4 Be7 11. Bd2 a5 12. Qh5+ g6 13. Qh6 Kf7 14. Be2 Bg5 15. Qh3 h5 16. f3 exf3 17. gxf3 Bh4+ 18. Kd1 Bf6 19. Kc2 b6 20. cxb6 Nxb6 21. Ne5+ Bxe5 22. dxe5 a4 23. Rhg1 Qe7 24. Qg3 Rg8 25. e4 Qc5+ 26. Bc3 Ba6 27. b4 Qe7 28. Bxa6 Rxa6 29. exf5 Nd5 30. fxg6+ Kg7 31. Qg5 Qxg5 32. Rxg5 Rf8 33. Rag1 Rxf3 34. Bd2 Rh3 35. Rf1 Ra7 36. Rf2 Rb7 37. Kd1 Nc3+ 38. Bxc3 Rxc3 39. h4 Rd7+ 40. Rd2 Rxd2+ 41. Kxd2 Ra3 42. Rxh5 Rxa2+ 43. Kc3 Kxg6 44. Rg5+ Kf7 45. Rg4 Re2 46. Rc4 Rxe5 47. Rxc6 1/2-1/2

[Event "EU-ch U18"]
[Site "Urgup"]
[Date "2004.07.??"]
[Round "3"]
[White "Davidov, Samir"]
[Black "Kim, Alexey"]
[Result "0-1"]
[WhiteElo "2242"]
[BlackElo "2435"]
[PlyCount "72"]
[EventDate "2004.08.??"]
[EventType "swiss"]
[EventRounds "9"]
[EventCountry "TUR"]
[SourceTitle "EXT 2005"]
[Source "ChessBase"]
[SourceDate "2004.11.15"]
[SourceVersion "1"]
[SourceVersionDate "2004.11.15"]
[SourceQuality "1"]

1. e4 e6 2. d4 d5 3. e5 c5 4. c3 Nc6 5. Nf3 Qb6 6. Bd3 cxd4 7. cxd4 Bd7 8. Nc3 Nxd4 9. Nxd4 Qxd4 10. Qe2 a6 11. 0-0 Qb6 12. Kh1 Bc5 13. Qg4 Kf8 14. Nxd5 Qd8 15. Be3 Bxe3 16. Nxe3 Bc6 17. Rad1 h5 18. Qe2 Qc7 19. f4 h4 20. h3 Nh6 21. Qe1 Kg8 22. Kh2 Qe7 23. Bb1 g6 24. Rd6 Kg7 25. Qc3 Rac8 26. Qd4 Rcd8 27. f5 exf5 28. Bxf5 Kh7 29. Bc2 Rde8 30. e6 Rd8 31. Rxf7+ Nxf7 32. Nf5 gxf5 33. Bxf5+ Kh6 34. Qf4+ Ng5 35. Qxh4+ Kg7 36. Qd4+ Qf6 0-1

[Event "Baku Cup-B"]
[Site "Baku"]
[Date "2003.??.??"]
[Round "?"]
[White "Hasanov, Asif Zahid Oglu"]
[Black "Davidov, Samir"]
[Result "1/2-1/2"]
[WhiteElo "2277"]
[BlackElo "2229"]
[PlyCount "63"]
[EventDate "2003.??.??"]
[EventType "swiss"]
[EventRounds "9"]
[EventCountry "AZE"]
[SourceTitle "EXT 2005"]
[Source "ChessBase"]
[SourceDate "2004.11.15"]
[SourceVersion "1"]
[SourceVersionDate "2004.11.15"]
[SourceQuality "1"]

1. Nf3 d5 2. d4 Nf6 3. e3 c6 4. Bd3 Bg4 5. Nbd2 Nbd7 6. Qe2 e5 7. e4 dxe4 8. Nxe4 Be7 9. Nxf6+ gxf6 10. Be3 Qa5+ 11. c3 0-0-0 12. h3 Be6 13. 0-0 Rhg8 14. Kh1 Qc7 15. Rfd1 Bd6 16. c4 exd4 17. Nxd4 Be5 18. Nf5 Kb8 19. Rab1 Bf4 20. Nd4 Bxe3 21. Nxe6 fxe6 22. Qxe3 Ne5 23. Be2 Rde8 24. Rd2 Qg7 25. g3 Qg5 26. Qxg5 fxg5 27. Rbd1 Ref8 28. Kg2 Kc7 29. Rd4 Rf6 30. Bg4 Rgf8 31. R1d2 h6 32. Re4 1/2-1/2

[Event "Wch U16"]
[Site "Heraklion"]
[Date "2002.11.17"]
[Round "3"]
[White "Gerzhoy, Leonid"]
[Black "Davidov, Samir"]
[Result "1/2-1/2"]
[WhiteElo "2389"]
[BlackElo "2254"]
[PlyCount "98"]
[EventDate "2002.11.15"]
[EventType "swiss"]
[EventRounds "11"]
[EventCountry "GRE"]
[SourceTitle "CBM 091 Extra"]
[Source "ChessBase"]
[SourceDate "2003.01.09"]
[SourceVersion "1"]
[SourceVersionDate "2003.01.09"]
[SourceQuality "1"]

1. d4 d5 2. c4 e6 3. Nf3 c6 4. g3 Nf6 5. Bg2 Be7 6. 0-0 0-0 7. Qc2 Nbd7 8. Rd1 Ne4 9. b3 f5 10. Bb2 f4 11. Nbd2 Ndf6 12. Rf1 fxg3 13. hxg3 Qe8 14. Nxe4 Nxe4 15. Ne5 Nf6 16. Bf3 Bd6 17. Kg2 Bd7 18. Rh1 Bxe5 19. dxe5 Ne4 20. Bxe4 dxe4 21. Qxe4 Rf5 22. g4 c5 23. f3 Bc6 24. Qe3 Qg6 25. Kh2 Raf8 26. Raf1 Rg5 27. Bc1 Rgf5 28. Rhg1 R5f7 29. Qxc5 Qc2 30. Rf2 Qxa2 31. Qe3 a5 32. Kg3 a4 33. bxa4 Qxc4 34. a5 Rd8 35. Ba3 Rd5 36. Bd6 Rxa5 37. Rh1 Rb5 38. Qg5 Be8 39. Rfh2 Rb3 40. Rxh7 Rfxf3+ 41. exf3 Rxf3+ 42. Kxf3 Bc6+ 43. Kf2 Qc2+ 44. Ke1 Qb1+ 45. Ke2 Bb5+ 46. Kf2 Qc2+ 47. Kg3 Qd3+ 48. Kf2 Qc2+ 49. Kg3 Qd3+ 1/2-1/2

[Event "Moscow Youth Games U16"]
[Site "Moscow"]
[Date "2002.06.20"]
[Round "3"]
[White "Davidov, Samir"]
[Black "Anisimov, Pavel"]
[Result "1/2-1/2"]
[WhiteElo "2248"]
[BlackElo "2424"]
[PlyCount "125"]
[EventDate "2002.06.18"]
[EventType "swiss"]
[EventRounds "7"]
[EventCountry "RUS"]
[SourceTitle "CBM 088 Extra"]
[Source "ChessBase"]
[SourceDate "2002.07.01"]
[SourceVersion "2"]
[SourceVersionDate "2002.07.01"]
[SourceQuality "1"]

1. e4 c5 2. Nf3 d6 3. d4 cxd4 4. Nxd4 Nf6 5. Nc3 Nc6 6. Be2 g6 7. Be3 Bg7 8. 0-0 0-0 9. f4 a6 10. a4 Qc7 11. Nb3 Be6 12. Kh1 Rac8 13. Qd2 Na5 14. Nxa5 Qxa5 15. Bd3 Rfd8 16. f5 Bc4 17. Bh6 Qe5 18. Bf4 Qc5 19. Rae1 b5 20. axb5 axb5 21. Be3 Qc6 22. Bg5 Rd7 23. Qe2 b4 24. Nd1 Bxd3 25. cxd3 Qc2 26. Qf3 Qb3 27. Rf2 Rdc7 28. fxg6 hxg6 29. d4 Qxf3 30. gxf3 Nh7 31. Be3 Nf8 32. f4 Ne6 33. e5 dxe5 34. dxe5 Rc4 35. b3 Rc2 36. Bd2 Nc5 37. Be3 Nxb3 38. Rxc2 Rxc2 39. Nf2 Rc4 40. Rd1 Bh6 41. Nd3 Re4 42. Re1 Nd4 43. Nc5 Nc2 44. Nxe4 Nxe1 45. Nc5 e6 46. Kg1 Nf3+ 47. Kf2 Nxh2 48. Bd2 Ng4+ 49. Ke2 Bf8 50. Bxb4 Bxc5 51. Bxc5 Nh6 52. Kf3 Kg7 53. Kg3 g5 54. fxg5 Nf5+ 55. Kf4 Kh7 56. Kf3 Nh4+ 57. Kg4 Nf5 58. Kf3 Kg6 59. Kg4 Ng7 60. Bb6 Kh7 61. Kf3 Kg8 62. Bc5 Nf5 63. Kg4 1/2-1/2

[Event "Baku EU qual"]
[Site "Baku"]
[Date "2002.??.??"]
[Round "?"]
[White "Davidov, Samir"]
[Black "Guliyev, Shaig"]
[Result "1-0"]
[WhiteElo "2246"]
[BlackElo "2246"]
[PlyCount "51"]
[EventDate "2002.??.??"]
[EventType "tourn"]
[EventRounds "9"]
[EventCountry "AZE"]
[EventCategory "2"]
[SourceTitle "EXT 2003"]
[Source "ChessBase"]
[SourceDate "2002.11.25"]
[SourceVersion "1"]
[SourceVersionDate "2002.11.25"]
[SourceQuality "1"]

1. e4 e6 2. d4 d5 3. Nc3 Bb4 4. e5 c5 5. a3 Bxc3+ 6. bxc3 Qc7 7. Bd2 Ne7 8. Bb5+ Bd7 9. Bxd7+ Nxd7 10. Ne2 cxd4 11. cxd4 Rc8 12. Rc1 Nb6 13. Ba5 Nc6 14. Bxb6 Qxb6 15. 0-0 0-0 16. Qd3 Na5 17. Nf4 f6 18. exf6 Rxf6 19. g3 Nc4 20. Rfe1 Rcf8 21. Re2 Qd6 22. Rce1 Re8 23. Qf3 Kh8 24. Qg4 e5 25. dxe5 Nxe5 26. Rxe5 1-0